000
00288nam a2200121 a 4500
008
110519s1959|||| d
245
1
0
_a
Základy záhradníctva
044
_a
xo
_c
SK
041
_a
slo
020
_c
17,40
100
1
_a
Kumšt, Kvetoslav
260
_b
SVPL
_c
1959
_a
Bratislava
999
_c
19724
_d
19724